MARC

LEADER 00000nam0a2200000 4500
001 134726
005 20231031135821.0
035 |a (RuTPU)RU\TPU\book\146032 
090 |a 134726 
100 |a 20080403d1973 m y0rusy50 ca 
101 0 |a rus 
102 |a RU 
105 |a a z 001zy 
200 1 |a Применение полиуретана в листоштамповочном производстве  |f В. А. Ходырев  |g под ред. А. А. Поздеева, В. М. Старкова 
210 |a Пермь  |c Пермское книжное издательство  |d 1973 
215 |a 218 с.  |c ил. 
320 |a Библиогр.: с. 214-215. 
610 1 |a полиуретаны 
610 1 |a штампы 
610 1 |a холодная штамповка 
610 1 |a пластмассовые детали 
610 1 |a применение 
610 1 |a гибка 
610 1 |a отбортовка 
610 1 |a рельефная формовка 
610 1 |a вытяжка 
610 1 |a конструкция 
610 1 |a оснастка 
675 |a 621.773.4  |v 3 
700 1 |a Ходырев  |b В. А.  |g Вениамин Александрович 
702 1 |a Поздеев  |b А. А.  |4 340 
702 1 |a Старков  |b В. М.  |4 340 
801 1 |a RU  |b 63413507  |c 20080403  |g PSBO 
801 2 |a RU  |b 63413507  |c 20090407  |g PSBO 
942 |c BK